000 00992cam a2200157 4500500
005 20260111135712.0
041 _afre
042 _adc
100 1 0 _aPaillard, Christine
_eauthor
245 0 0 _aLa recherche lexicographique en sciences infirmières
260 _c2016.
500 _a13
520 _aNous discutons de l’intérêt d’implémenter des ressources de qualité dans un système dédié à l’interprétation de textes politiques. Nous précisons la nature des différentes sortes de ressources linguistiques utilisées et nous montrons comment elles permettent d’identifier et de qualifier les discours rapportés. Nous détaillons ensuite le mode de fonctionnement de l’étiqueteur et du moteur de règles qui sont intégrés dans le module sémantique du système.
786 0 _nÉla. Études de linguistique appliquée | 180 | 4 | 2016-01-01 | p. 493-496 | 0071-190X
856 4 1 _uhttps://shs.cairn.info/revue-ela-2015-4-page-493?lang=fr&redirect-ssocas=7080
999 _c1634863
_d1634863